Prenajímateľná administratívna budova, Petržalka

Salvato in:
Dettagli Bibliografici
Autore principale: Gecko, Martin, 1984- (Autore)
Altri autori: Liščák, Jozef, 1935- (Relatore della tesi)
Natura: Manoscritto Libro
Lingua:slovacco
Pubblicazione: Bratislava : STU v Bratislave SvF, 2010
Soggetti:
Accesso online:VAIS
Tags: Aggiungi Tag
Nessun Tag, puoi essere il primo ad aggiungerne!!

MARC

LEADER 00000ntm a22000003a 4500
001 stu216861
005 20160721135439.4
008 101117s2010----xo------------------slo-d
040 |a STU  |b slo 
041 0 |a slo 
044 |a xo 
100 1 |a Gecko, Martin,  |d 1984-  |4 aut  |X 14532  |7 A000014532 
242 0 0 |a prenajímateľná administratívna budova v petržalke  |y eng 
245 1 |a Prenajímateľná administratívna budova, Petržalka 
260 |a Bratislava :  |b STU v Bratislave SvF,  |c 2010 
650 7 |a pozemné stavby a architektúra  |2 stusub 
650 7 |a Building Structures and Architecture  |2 estusub 
650 7 |a administratívna budova  |2 stusub 
700 1 |a Liščák, Jozef,  |d 1935-  |4 ths  |u V181  |U SvF Stavebná fakulta  |T SvF Katedra architektúry  |X 814  |U V181|V310  |Y 19  |7 A000000814 
856 4 |a info a plný text  |u http://is.stuba.sk/zp/portal_zp.pl?podrobnosti=61824  |3 VAIS